000 01333nam a2200289 a 4500
001 000034473
005 20200930073722.0
008 111004s2010 dr ad r 000 0 spa d
020 _a9789801244080
040 _aDO-SdBNP
_bspa
_cBNPHU
082 _a371.35
_bE24s
245 0 3 _aLa educación superior a distancia :
_bmiradas diversas desde Iberoamérica /
_ceditores Claudio Rama, José Pardo.
260 _aSanto Domingo :
_bEdiciones UNICARIBE,
_c2010.
300 _a228 p. :
_bil., gráfcs. ;
_c30 cm.
504 _aIncluye referencias bibliográficas y notas al pie de páginas.
590 _aInventariado, 2018/BT
650 4 _aUniversidad a distancia
_zAmérica Latina
_xEnsayos, conferencias, etc.
_959905
650 4 _aEducación a distancia
_zAmérica Latina
_xEnsayos, conferencias, etc.
_959906
650 4 _aEducación
_xMétodos experimentales
_xEnsayos, conferencias, etc.
_959907
650 4 _aEducación superior
_zAmérica Latina
_920447
700 1 _aRama, Claudio,
_d1954-,
_eed.
_959908
700 1 _aPardo, José,
_eed.
_959909
710 2 _aInstituto Tecnológico Virtual de Educación (INTEVED)
_959910
710 2 _aObservatorio de la Educación Virtual en América Latina y el Caribe (VirtualEduca)
_959911
710 1 _aUniversidad del Caribe (UNICARIBE)
_959912
910 _aValidado. Control de calidad. EMS
999 _c33964
_d33964